|
|
|
|
| LEADER |
00000naa2a2200000 4500 |
| 001 |
169687 |
| 005 |
20231031163515.0 |
| 035 |
|
|
|a (RuTPU)RU\TPU\book\184050
|
| 090 |
|
|
|a 169687
|
| 100 |
|
|
|a 20091117d2009 k y0rusy50 ca
|
| 101 |
0 |
|
|a rus
|
| 102 |
|
|
|a RU
|
| 200 |
1 |
|
|a Каппаметрические исследования пород и руд Бакчарского месторождения
|f Ф. Б. Бакшт, А. Я. Пшеничкин
|
| 320 |
|
|
|a Библиогр.: 3 назв.
|
| 463 |
|
0 |
|0 (RuTPU)RU\TPU\book\176261
|y 978-5-89702-232-8
|t Проблемы и перспективы развития минерально-сырьевой базы и предприятий ТЭК Сибири
|o материалы межрегиональной научно-практической конференции, 2009 г. г. Томск
|f Томская область, Администрация; Сибирский Федеральный округ; Томский государственный университет (ТГУ); Томский политехнический университет (ТПУ); под ред. В. Г. Емешева
|v С. 160-167
|d 2009
|p 188 с.
|s Нефть. Газ. Геология 2009
|
| 610 |
1 |
|
|a Бакчарское месторождение
|
| 610 |
1 |
|
|a каппаметрия
|
| 610 |
1 |
|
|a магнитная восприимчивость
|
| 610 |
1 |
|
|a руды
|
| 610 |
1 |
|
|a горные породы
|
| 610 |
1 |
|
|a керны
|
| 610 |
1 |
|
|a труды учёных ТПУ
|
| 700 |
|
1 |
|a Бакшт
|b Ф. Б.
|c горный инженер-геофизик
|c доцент Томского политехнического университета
|c выпускник ГРФ ТПИ 1956 г.
|f 1933-
|g Федор Борисович
|2 stltpush
|3 (RuTPU)RU\TPU\pers\19662
|
| 701 |
|
1 |
|a Пшеничкин
|b А. Я.
|c заведующий лабораторией
|c лаборатория геологии золота Томского политехнического университета
|g Анатолий Яковлевич
|2 stltpush
|3 (RuTPU)RU\TPU\pers\24725
|
| 801 |
|
1 |
|a RU
|b 63413507
|c 20091117
|
| 801 |
|
2 |
|a RU
|b 63413507
|c 20091117
|g RCR
|
| 942 |
|
|
|c BK
|